El retrato de Dorian Gray

Guardat en:
Dades bibliogràfiques
Autor principal: Wilde, Oscar 1854-1900 (Autor)
Format: Llibre
Idioma:espanyol
Publicat: Santiago Andrés Bello 1986
Santiago Ercilla 1986
Edició:3a. ed
Col·lecció:Club de Lectores Andrés Bello
Matèries:
Etiquetes: Afegir etiqueta
Sense etiquetes, Sigues el primer a etiquetar aquest registre!

MARC

LEADER 00000nam a2200000 a 4500
001 UCH4356
003 CL-VaPUC
008 090818e19860000CL |||||||||||||||||spa|d
082 0 4 |a 823  |b WIL  |2 21 
100 |a Wilde, Oscar  |d 1854-1900  |e author  |9 347444 
245 1 3 |a El retrato de Dorian Gray 
250 |a 3a. ed 
300 |a 255 p 
942 |c BK 
945 |d 20090818 00:00:00  |a lazolas 
260 |a Santiago  |b Andrés Bello  |c 1986 
260 |a Santiago  |b Ercilla  |c 1986 
650 0 |a Novelas inglesas  |9 265220 
650 0 |a Literatura inglesa  |9 312907 
583 |a last modification  |c 20130422 09:45:14  |k Rodrigo Vera 
490 0 |a Club de Lectores Andrés Bello 
999 |c 335681  |d 335679